000 00754nam a2200265 a 4500
999 _c10686
_d10686
001 10686
003 BD-JhCC
005 20191031134007.0
008 070116s20101950nyua j 000 1 eng
020 _a9780007421671
035 _a(BD-JhCC)10686
040 _aDLC
_cDLC
_dBD-JhCC
041 _aeng
050 0 0 _aPZ7
_b.C45834 2007
082 0 0 _a823.912
_222
_bLEW 2010
100 _aLewis, C. S.
_qClive Staples
245 0 4 _aThe chronicles of Narnia /
_cC.S. Lewis and ill. by Pauline Baynes
260 _aNew York, NY :
_bHarperCollins,
_c2010.
300 _a766 p. :
_bill. ;
_c26 cm.
500 _aCover title.
650 0 _aFantasy fiction, English
650 0 _aNarnia (Imaginary place)
700 _aBaynes, Pauline
942 _2ddc
_cBK
_03